Available copies
- 1 of 1 copy available at LARL/NWRL Consortium.
Current holds
0 current holds with 1 total copy.
Show Only Available Copies
| Location | Call Number / Copy Notes | Barcode | Shelving Location | Status | Due Date |
|---|---|---|---|---|---|
| Roseau Public Library | j RUP (Text) | 35500005097082 | Main | Available | - |
Record details
- ISBN: 9780763658106 (hbk.)
- ISBN: 0763658103 (hbk.)
- Physical Description: 245 p. ; 20 cm.
- Edition: 1st ed.
- Publisher: Somerville, Mass. : Candlewick, 2012.
Content descriptions
| Summary, etc.: | After the death of his older brother, Daniel ... Read More |
Search for related items by subject
| LDR | 02096cam a2200469 a 4500 | ||
|---|---|---|---|
| 001 | 146847 | ||
| 003 | LARL_NWRL_CONSORTIUM | ||
| 005 | 20121019112131.0 | ||
| 008 | 120411s2012 mau c 000 1 eng | ||
| 010 | . | ‡a2011048344 | |
| 020 | . | ‡a9780763658106 (hbk.) | |
| 020 | . | ‡a0763658103 (hbk.) | |
| 035 | . | ‡a(OCoLC)774490789 | |
| 040 | . | ‡aDLC ‡beng ‡cDLC ‡dIG# ‡dBTCTA ‡dBDX ‡dIQ2 ‡dYDXCP ‡dVP@ | |
| 050 | 0 | 0. | ‡aPZ7.R8886 ‡bAft 2012 |
| 082 | 0 | 0. | ‡a[Fic] ‡223 |
| 084 | . | ‡aJUV039030 ‡aJUV016080 ‡aJUV013070 ‡2bisacsh | |
| 100 | 1 | . | ‡aRupp, Rebecca. ‡0(LARL_NWRL_CONSORTIUM)88487 |
| 245 | 1 | 0. | ‡aAfter Eli / ‡cRebecca Rupp. |
| 250 | . | ‡a1st ed. | |
| 260 | . | ‡aSomerville, Mass. : ‡bCandlewick, ‡c2012. | |
| 300 | . | ‡a245 p. ; ‡c20 cm. | |
| 520 | . | ‡aAfter the death of his older brother, Daniel Anderson became engrossed in recording details about dead people, how they died, and whether their deaths mattered but he is eventually drawn back into interaction with the living. | |
| 650 | 1. | ‡aDeath ‡vFiction. ‡0(LARL_NWRL_CONSORTIUM)164548 | |
| 650 | 1. | ‡aInterpersonal relations ‡vFiction. ‡0(LARL_NWRL_CONSORTIUM)165331 | |
| 650 | 1. | ‡aBooks and reading ‡vFiction. ‡0(LARL_NWRL_CONSORTIUM)163741 | |
| 650 | 1. | ‡aBrothers ‡vFiction. ‡0(LARL_NWRL_CONSORTIUM)163686 | |
| 650 | 0. | ‡aDeath ‡vJuvenile fiction. ‡0(LARL_NWRL_CONSORTIUM)171822 | |
| 650 | 0. | ‡aInterpersonal relations ‡vJuvenile fiction. ‡0(LARL_NWRL_CONSORTIUM)165337 | |
| 650 | 0. | ‡aBooks and reading ‡vJuvenile fiction. ‡0(LARL_NWRL_CONSORTIUM)170937 | |
| 650 | 0. | ‡aBrothers ‡vJuvenile fiction. ‡0(LARL_NWRL_CONSORTIUM)170953 | |
| 650 | 7. | ‡aJUVENILE FICTION / Social Issues / Death & Dying. ‡2bisacsh | |
| 650 | 7. | ‡aJUVENILE FICTION / Historical / Military & Wars. ‡2bisacsh | |
| 650 | 7. | ‡aJUVENILE FICTION / Family / Siblings. ‡2bisacsh | |
| 948 | . | ‡hNO HOLDINGS IN LAL - 283 OTHER HOLDINGS | |
| 994 | . | ‡aZ0 ‡bLAL | |
| 901 | . | ‡a146847 ‡bOCLC ‡c146847 ‡tbiblio | |

Add to basket
Permalink
Enable Highlighting